000 00576nam a2200193 a 4500
001 9434
005 20180713193429.0
008 140415s1992 xxu 000 0 eng d
020 _a1562050710
041 _aeng
082 _a005.7
_bDAY
100 1 _aDAY, MICHAEL
245 1 0 _aENTERPRISE SERIES :
_bDOWNSIZING TO NETWARE
250 _a1a ed.
260 _aESTADOS UNIDOS DE AMERICA :
_bNEW RIDERS PUBLISHING,
_c1992
300 _a710
490 _aENTERPRISE SERIES: DOWNSIZING TO NETWARE
650 1 4 _aINTERFASES
_xSISTEMAS OPERACIONALES (COMPUTADORES)
999 _c9434
_d9434